Computer Networks Fundamentals and Applications (Record no. 1968)

MARC details
000 -LEADER
fixed length control field 00370nam a2200145Ia 4500
008 - FIXED-LENGTH DATA ELEMENTS--GENERAL INFORMATION
fixed length control field 191201s2005 xx 000 0 und d
082 ## - DEWEY DECIMAL CLASSIFICATION NUMBER
Classification number 004.6
100 ## - MAIN ENTRY--PERSONAL NAME
Personal name Rajesh, R S
245 #0 - TITLE STATEMENT
Title Computer Networks Fundamentals and Applications
250 ## - EDITION STATEMENT
Edition statement 2nd
260 ## - PUBLICATION, DISTRIBUTION, ETC. (IMPRINT)
Place of publication, distribution, etc N.Delhi
Name of publisher, distributor, etc Vikas Publication House
Date of publication, distribution, etc 2005
300 ## - PHYSICAL DESCRIPTION
Extent 245
650 ## - SUBJECT ADDED ENTRY--TOPICAL TERM
Topical term or geographic name as entry element B.Tech(CSE)
942 ## - ADDED ENTRY ELEMENTS (KOHA)
Source of classification or shelving scheme Dewey Decimal Classification
Koha item type Text Books
942 ## - ADDED ENTRY ELEMENTS (KOHA)
-- 1
Holdings
Withdrawn status Lost status Source of classification or shelving scheme Damaged status Not for loan Collection code Home library Current library Date acquired Source of acquisition Cost, normal purchase price Bill Number Total Checkouts Full call number Acc. no. / Barcode Checked out Date last seen Date last borrowed Bill Date Koha item type
    Dewey Decimal Classification     B.Tech(CSE) PIET C-LIBRARY PIET C-LIBRARY 05/09/2006 M/s UBS, Delhi 150.00 125382 1 004.6 RAC 3626 03/06/2021 05/12/2020 05/12/2020 23/08/2005 Text Books
    Dewey Decimal Classification     B.Tech(CSE) PIET C-LIBRARY PIET C-LIBRARY 05/09/2006 M/s UBS, Delhi 150.00 125382 1 004.6 RAC 3627   29/10/2024 15/10/2024 23/08/2005 Text Books
    Dewey Decimal Classification     B.Tech(CSE) PIET C-LIBRARY PIET C-LIBRARY 31/08/2006 M/s UDH, Delhi 150.00 125382   004.6 RAC 3894   04/12/2019   23/08/2005 Reference Books

Design & Developed by: PIET Central Library
R70 Miles Stone Pattikalyana Samalkha Panipat 132102
mail ID :- [email protected], Phone No:- 0180-2569700 Ex.216